flagi republik zsrr / cccp - Statystyki

Ogólne statystyki
  • Ten quiz został rozwiązany 27 razy
  • Średni wynik to 10 z 15
Statystyki odpowiedzi
Obrazkowy Odpowiedź % Poprawnych
białoruś
100%
estonia
75%
ukraina
75%
litwa
71%
łotwa
71%
rosja
71%
kazachstan
63%
gruzja
58%
mołdawia / nadniestrze
58%
tadżykistan
58%
azerbejdżan
54%
kirgistan
54%
turkmenistan
54%
uzbekistan
54%
armenia
50%
Nie znaleziono quizów pasujących do podanych kryteriów
Rozkład punktacji
Procent ludzi z każdym wynikiem
Percentyl według liczby udzielonych odpowiedzi
Twoja historia wyników
Nie rozwiązałeś tego quizu